000 00484nam a2200169Ia 4500
999 _c23911
_d23911
003 OSt
005 20201215151217.0
008 190216s9999||||xx |||||||||||||| ||und||
040 _coclc
082 _a894.8124
_bKUR/M
100 _aKurup, G Sankara
_96935
245 0 _aMuthum Chippiyum /
_cG Sankarakurup
260 _bCurrent Books,
_aErnakulam:
_c1958.
300 _a144p
650 _aEssay Malayalam
942 _cBK
_2ddc
_h894.8124
_iKUR/M
_k894.8124
_mKUR/M